[Event "Reykjavik op"]
[Site "Reykjavik"]
[Date "2019.04.10"]
[Round "4"]
[White "Sigurbjornsson, Sigurjon"]
[Black "Melega, Michele"]
[Result "1-0"]
[WhiteElo "1986"]
[BlackElo "1631"]
[PlyCount "91"]
[EventDate "2019.04.08"]
[EventType "swiss"]
[EventRounds "9"]
[EventCountry "ISL"]
[SourceTitle "CBM 189 Extra"]
[Source "ChessBase"]
[SourceDate "2019.06.03"]
[SourceVersion "1"]
[SourceVersionDate "2019.06.03"]
[SourceQuality "1"]

1. d4 f5 2. Nc3 Nf6 3. Bg5 e6 4. e4 Be7 5. e5 Nd5 6. Bxe7 Qxe7 7. Nxd5 exd5 8. c3 0-0 9. f4 d6 10. Nf3 dxe5 11. fxe5 c5 12. Qd2 Nc6 13. Bd3 cxd4 14. cxd4 Be6 15. 0-0 Rac8 16. Rac1 Qb4 17. Qxb4 Nxb4 18. Bb1 Rxc1 19. Rxc1 Rc8 20. Rc3 Nc6 21. Kf2 a6 22. h4 Kf7 23. Ke3 g6 24. a3 a5 25. Bd3 Ke7 26. g3 Kd8 27. Rc5 b6 28. Rc3 Ne7 29. Kf4 Rxc3 30. bxc3 Kc7 31. Nd2 Kd8 32. c4 Kc7 33. cxd5 Nxd5+ 34. Kf3 Kc6 35. Nc4 Nc7 36. Ke3 Nd5+ 37. Kd2 Nc7 38. Ne3 b5 39. h5 b4 40. hxg6 Ne8 41. Nxf5 Bxf5 42. Bxf5 Ng7 43. Be4+ Kd7 44. Kd3 Ke7 45. g4 Nf5 46. Bxf5 1-0

[Event "Reykjavik op"]
[Site "Reykjavik"]
[Date "2019.04.08"]
[Round "1"]
[White "Melega, Michele"]
[Black "Oettel, Lothar"]
[Result "0-1"]
[WhiteElo "1631"]
[BlackElo "1945"]
[PlyCount "62"]
[EventDate "2019.04.08"]
[EventType "swiss"]
[EventRounds "9"]
[EventCountry "ISL"]
[SourceTitle "CBM 189 Extra"]
[Source "ChessBase"]
[SourceDate "2019.06.03"]
[SourceVersion "1"]
[SourceVersionDate "2019.06.03"]
[SourceQuality "1"]

1. e4 c5 2. Nf3 e6 3. d4 cxd4 4. Nxd4 a6 5. Bc4 Qc7 6. Bb3 Nf6 7. f3 Nc6 8. Be3 d6 9. Nc3 Be7 10. Nxc6 bxc6 11. Qd2 Bb7 12. 0-0-0 0-0 13. g4 c5 14. g5 Nd7 15. a3 Rad8 16. h4 c4 17. Ba2 f5 18. Qe2 Ne5 19. Bf4 fxe4 20. Bxe5 exf3 21. Qxc4 Qxc4 22. Bxc4 dxe5 23. Bxe6+ Kh8 24. Bd5 Bxd5 25. Nxd5 Bc5 26. b4 Bd4 27. Nc7 f2 28. Rhf1 Be3+ 29. Kb1 Rxd1+ 30. Rxd1 f1Q 31. Rxf1 Rxf1+ 0-1

[Event "Budapest FS06 FM-B"]
[Site "Budapest"]
[Date "2015.06.09"]
[Round "4"]
[White "Melega, Michele"]
[Black "Oberfrank, Istvan1111"]
[Result "0-1"]
[WhiteElo "1619"]
[BlackElo "1760"]
[PlyCount "121"]
[EventDate "2015.06.06"]
[EventType "tourn"]
[EventRounds "11"]
[EventCountry "HUN"]
[SourceTitle "CBM 166 Extra"]
[Source "ChessBase"]
[SourceDate "2015.06.18"]
[SourceVersion "1"]
[SourceVersionDate "2015.06.18"]
[SourceQuality "1"]

1. e4 e6 2. Nf3 d6 3. Nc3 g6 4. d4 Bg7 5. Bc4 h6 6. Be3 b6 7. Qd2 Bb7 8. d5 e5 9. 0-0-0 a6 10. Ne1 Nd7 11. f4 exf4 12. Bxf4 g5 13. Bg3 Ne7 14. Be2 Ng6 15. Nd3 Qe7 16. Bh5 0-0-0 17. Rhe1 Nge5 18. Nxe5 Nxe5 19. Be2 h5 20. Kb1 h4 21. Bf2 g4 22. Bd4 Bh6 23. Be3 Bxe3 24. Qxe3 Rdg8 25. Rd4 h3 26. g3 Kd8 27. Rf1 Bc8 28. Qf2 Rh6 29. a3 Rgg6 30. Qe3 Rf6 31. Rdd1 Rxf1 32. Rxf1 Rf6 33. Rf4 Ng6 34. Rxf6 Qxf6 35. Nd1 Ne5 36. Nf2 b5 37. Qd4 Qg5 38. Qc3 f5 39. exf5 Bxf5 40. b4 Qg8 41. Qd4 Ke7 42. Nd3 Nc4 43. Ka2 Nb6 44. Nf4 Qf7 45. Kb2 Qf6 46. Qxf6+ Kxf6 47. Kc3 Ke5 48. Bd3 Bxd3 49. Nxd3+ Ke4 50. Nf2+ Kf3 51. Nd1 Nxd5+ 52. Kd4 Nf6 53. Ne3 c5+ 54. bxc5 dxc5+ 55. Kd3 Nd7 56. Nf1 Ne5+ 57. Kc3 Kg2 58. Nd2 Kxh2 59. Ne4 Kg2 60. Nxc5 Kxg3 61. Ne4+ 0-1

[Event "Budapest FS06 FM-B"]
[Site "Budapest"]
[Date "2015.06.06"]
[Round "1"]
[White "Nemeth, Otto"]
[Black "Melega, Michele"]
[Result "1-0"]
[WhiteElo "1650"]
[BlackElo "1619"]
[PlyCount "77"]
[EventDate "2015.06.06"]
[EventType "tourn"]
[EventRounds "11"]
[EventCountry "HUN"]
[SourceTitle "CBM 166 Extra"]
[Source "ChessBase"]
[SourceDate "2015.06.18"]
[SourceVersion "1"]
[SourceVersionDate "2015.06.18"]
[SourceQuality "1"]

1. e4 c5 2. Nc3 Nc6 3. Nf3 g6 4. d4 cxd4 5. Nxd4 Bg7 6. Be3 e6 7. Qd2 Nge7 8. 0-0-0 Ne5 9. Be2 a6 10. f4 N5c6 11. h4 d5 12. e5 Nxd4 13. Bxd4 Nf5 14. g4 Ng3 15. Rh2 Nxe2+ 16. Nxe2 Bd7 17. g5 Rc8 18. Rdh1 h5 19. gxh6 Bxh6 20. h5 g5 21. Be3 gxf4 22. Bxf4 Bxf4 23. Qxf4 Rc4 24. Nd4 Qb6 25. c3 Qc5 26. Kb1 b5 27. a3 a5 28. Qf6 Rf8 29. h6 b4 30. axb4 axb4 31. h7 bxc3 32. h8Q c2+ 33. Nxc2 Ba4 34. Qxf8+ Qxf8 35. Ne3 Qc5 36. Nxc4 Qxc4 37. Rh8+ Kd7 38. Qxf7+ Kc6 39. Rc8+ 1-0

[Event "Zichichi Memorial"]
[Site "Ladispoli"]
[Date "2008.05.??"]
[Round "6"]
[White "Carnicelli, Valerio"]
[Black "Melega, Michele"]
[Result "0-1"]
[WhiteElo "1521"]
[BlackElo "1428"]
[PlyCount "40"]
[EventDate "2008.05.01"]
[EventType "swiss"]
[EventRounds "7"]
[EventCountry "ITA"]
[SourceTitle "EXT 2009"]
[Source "ChessBase"]
[SourceDate "2008.11.26"]
[SourceVersion "1"]
[SourceVersionDate "2008.11.26"]
[SourceQuality "1"]

1. e4 c5 2. Nf3 d6 3. d4 cxd4 4. Nxd4 Nf6 5. Nc3 a6 6. Be3 e6 7. Bc4 b5 8. Bd3 Be7 9. Qe2 0-0 10. 0-0 Bb7 11. f4 Nbd7 12. b4 Rc8 13. Qd2 Qc7 14. Nde2 Ng4 15. h3 Nxe3 16. Qxe3 Bf6 17. e5 dxe5 18. Be4 exf4 19. Rxf4 Bxe4 20. Nxe4 Bxa1 0-1